000 00248nam a2200109Ia 4500
008 190216s9999||||xx |||||||||||||| ||und||
100 _aNull
245 0 _aIndustrial Disputes Act
260 _bCentral Law Agenccy
_c1986
300 _a48p
942 _cBK
999 _c5220
_d5220